|
|
|
|
| LEADER |
00000nam2a2200000 4500 |
| 001 |
126132 |
| 005 |
20231031131732.0 |
| 035 |
|
|
|a (RuTPU)RU\TPU\book\136462
|
| 090 |
|
|
|a 126132
|
| 100 |
|
|
|a 20071123d2007 m y0rusy50 ca
|
| 101 |
0 |
|
|a rus
|
| 102 |
|
|
|a RU
|
| 105 |
|
|
|a ab j 001zy
|
| 200 |
0 |
|
|a Ч. 1
|
| 210 |
|
|
|d 2007
|
| 215 |
|
|
|a 108 с.
|c ил.
|
| 320 |
|
|
|a Библиографический список: с. 106-108.
|
| 330 |
|
|
|a В пособии дано содержание основных маршрутов, включающих наиболее показательные геологические объекты, заслуживающие внимания при проведении летних учебных общегеологических практик в окрестностях г.Томска в их рациональной последовательности. Приводится описание объектов - обнажений горных пород, форм рельефа, как результатов действия геологических процессов. В спорных случаях разбираются различные точки зрения на природу и возраст объектов. В выводах по маршрутам подводятся их итоги с теоретическими обобщениями и ставятся задачи дальнейших наблюдений. Пособие предназначено для молодых преподавателей, приступающих к проведению учебных практик. Но может быть использовано и проходящими практику студентами I-II курсов ИГНД.
|
| 461 |
|
1 |
|0 (RuTPU)RU\TPU\book\137006
|t Учебная геологическая практика в окрестностях г. Томска
|o учебное пособие
|f С. С. Гудымович
|g Томский политехнический университет (ТПУ)
|v Ч. 1
|d 2007
|
| 610 |
1 |
|
|a учебная геологическая практика
|
| 610 |
1 |
|
|a Томск
|
| 610 |
1 |
|
|a учебные пособия
|
| 610 |
1 |
|
|a маршруты
|
| 610 |
1 |
|
|a геологические объекты
|
| 610 |
1 |
|
|a геология
|
| 610 |
1 |
|
|a геологические процессы
|
| 675 |
|
|
|a 55(571.16)(076)
|v 3
|
| 801 |
|
1 |
|a RU
|b 63413507
|c 20071123
|g PSBO
|
| 801 |
|
2 |
|a RU
|b 63413507
|c 20130111
|g PSBO
|
| 942 |
|
|
|c BK
|